00525nam a2200169Ia 450000500170000000800410001702000180005804100120007608200150008810000200010324500990012326000560022230000200027865000190029865000130031770000250033020260429112103.0260429s9999||||xx |||||||||||||| ||und|| a9781440880902 aEnglish a023.8bLEA aLeachman, Emily 0aComplete guide to training library staff : bfrom onboarding to offboarding / cEmily Leachman aNew York : bBloomsbury Libraries Unlimited,c2025. avi, 152 p.; pbk a Library staff aTraining a Libbry, A. Garrison